书目信息 |
| 题名: |
《新视野大学英语读写教程》自学一线通 4
|
|
| 作者: | 张乐兴 , 蒋勋蓉 主编 | |
| 分册: | ||
| 出版信息: | 北京 北京航空航天大学出版社 2004.02 |
|
| 页数: | 345页 | |
| 开本: | 20cm | |
| 丛书名: | ||
| 单 册: | ||
| 中图分类: | H31 | |
| 科图分类: | ||
| 主题词: | 英语 | |
| 电子资源: | ||
| ISBN: | 7-81077-435-2 | |
| 000 | 00668nam0 2200193 45 | |
| 001 | 0458961286 | |
| 005 | 2004092216224108 | |
| 010 | @a7-81077-435-2@dCNY 14.50 | |
| 100 | @a20040922d2004 km y0chiy0120 ea | |
| 101 | 0 | @achi |
| 200 | 1 | @a《新视野大学英语读写教程》自学一线通 4@A《Xin Shi Ye Da Xue Ying Yu Du Xie Jiao Cheng》Zi Xue Yi Xian Tong 4@f张乐兴,蒋勋蓉主编@FZhang Yue Xing,Jiang Xun Rong Zhu Bian |
| 210 | @a北京@c北京航空航天大学出版社@d2004.02 | |
| 215 | @a345页@d20cm | |
| 606 | 0 | @a英语 |
| 690 | @aH31@v4 | |
| 701 | 0 | @a张乐兴@AZhang Yue Xing@4主编 |
| 701 | 0 | @a蒋勋蓉@AJiang Xun Rong@4主编 |
| 801 | 0 | @aCN@bPFT@c20040922 |
| 905 | @a平顶山工学院@dH31@eZ237:4 | |
| 《新视野大学英语读写教程》自学一线通 4/张乐兴,蒋勋蓉主编.-北京:北京航空航天大学出版社,2004.02 |
| 345页;20cm |
| ISBN 7-81077-435-2:CNY 14.50 |
| ● |
| 相关链接 |
|
|
|
正题名:《新视野大学英语读写教程》自学一线通 4
索取号:H31/Z237:4
 
预约/预借
| 序号 | 登录号 | 条形码 | 馆藏地/架位号 | 状态 | 备注 |
| 1 | 395488 | 203954881 | 语言库209/209语言库 90排4列6层/ [索取号:H31/Z237:4] | 在馆 | |
| 2 | 395489 | 203954890 | 语言库209/209语言库 90排4列6层/ [索取号:H31/Z237:4] | 在馆 | |
| 3 | 395490 | 203954907 | 语言库209/209语言库 90排4列6层/ [索取号:H31/Z237:4] | 在馆 |